Making Names Quiz Stats

 Plays Quiz Updated Jul 3, 2012

Challenge
Share
Tweet
Embed
Score 0/90 Timer 12:00
1 Play Today
head answer % Correct
First 3 lettersAnne Frank
80.1%
Next 3 lettersAnne Frank
80.1%
Last 3 lettersAnne Frank
80.1%
First 3 lettersElton John
79.2%
Next 3 lettersElton John
79.2%
Last 3 lettersElton John
79.2%
Last 3 lettersOJ Simpson
75.3%
First 3 lettersOJ Simpson
75.3%
Next 3 lettersOJ Simpson
75.3%
First 3 lettersBilly Joel
74.8%
Next 3 lettersBilly Joel
74.8%
Last 3 lettersBilly Joel
74.8%
First 3 lettersJames Dean
71.5%
Next 3 lettersJames Dean
71.5%
Last 3 lettersJames Dean
71.5%
First 3 lettersSteve Jobs
70.5%
Next 3 lettersSteve Jobs
70.5%
Last 3 lettersSteve Jobs
70.5%
First 3 lettersJohn Glenn
70.4%
Next 3 lettersJohn Glenn
70.5%
Last 3 lettersJohn Glenn
70.5%
First 3 lettersMel Gibson
67.7%
Next 3 lettersMel Gibson
67.7%
Last 3 lettersMel Gibson
67.7%
First 3 lettersBill Cosby
64.9%
Next 3 lettersBill Cosby
64.9%
Last 3 lettersBill Cosby
64.9%
First 3 lettersBill Gates
63.6%
Next 3 lettersBill Gates
63.6%
Last 3 lettersBill Gates
63.6%
head answer % Correct
First 3 lettersLarry Bird
63.2%
Next 3 lettersLarry Bird
63.2%
Last 3 lettersLarry Bird
63.2%
First 3 lettersJohn Wayne
62.9%
Next 3 lettersJohn Wayne
62.9%
Last 3 lettersJohn Wayne
62.9%
First 3 lettersHenry Ford
61%
Next 3 lettersHenry Ford
61%
Last 3 lettersHenry Ford
61%
First 3 lettersHeidi Klum
58.3%
Next 3 lettersHeidi Klum
58.3%
Last 3 lettersHeidi Klum
58.3%
First 3 lettersSally Ride
54%
Next 3 lettersSally Ride
54%
Last 3 lettersSally Ride
54%
First 3 lettersMark Spitz
50.7%
Next 3 lettersMark Spitz
50.7%
Last 3 lettersMark Spitz
50.7%
First 3 lettersKaty Perry
49.8%
Next 3 lettersKaty Perry
49.8%
Last 3 lettersKaty Perry
49.8%
First 3 lettersRosa Parks
49.4%
Next 3 lettersRosa Parks
49.4%
Last 3 lettersRosa Parks
49.4%
First 3 lettersHank Aaron
47.8%
Next 3 lettersHank Aaron
47.8%
Last 3 lettersHank Aaron
47.8%
First 3 lettersMao Zedong
44.3%
Next 3 lettersMao Zedong
44.3%
Last 3 lettersMao Zedong
44.3%
head answer % Correct
First 3 lettersGene Kelly
43.5%
Next 3 lettersGene Kelly
43.5%
Last 3 lettersGene Kelly
43.5%
First 3 lettersBrenda Lee
43.2%
Next 3 lettersBrenda Lee
43.2%
Last 3 lettersBrenda Lee
43.2%
First 3 lettersLily Allen
43%
Next 3 lettersLily Allen
43%
Last 3 lettersLily Allen
43%
First 3 lettersAnna Faris
42.6%
Next 3 lettersAnna Faris
42.6%
Last 3 lettersAnna Faris
42.6%
First 3 lettersBob Marley
38.2%
Next 3 lettersBob Marley
38.2%
Last 3 lettersBob Marley
38.2%
First 3 lettersCarl Lewis
36.3%
Next 3 lettersCarl Lewis
36.3%
Last 3 lettersCarl Lewis
36.3%
First 3 lettersLou Gehrig
36.1%
Last 3 lettersLou Gehrig
36.1%
Next 3 lettersLou Gehrig
36.1%
First 3 lettersCleopatra
33.4%
Next 3 lettersCleopatra
33.4%
Last 3 lettersCleopatra
33.4%
First 3 lettersSacagawea
30.5%
Next 3 lettersSacagawea
30.5%
Last 3 lettersSacagawea
30.5%
First 3 lettersMax Planck
28.5%
Next 3 lettersMax Planck
28.5%
Last 3 lettersMax Planck
28.5%

You're not logged in!

Compare scores with friends on all Sporcle quizzes.
OR
Log In

You Might Also Like...

Show Comments

Extras

Top Quizzes Today


Score Distribution

Your Account Isn't Verified!

In order to create a playlist on Sporcle, you need to verify the email address you used during registration. Go to your Sporcle Settings to finish the process.

Report this User

Report this user for behavior that violates our Community Guidelines.

Details: